Indian businessman's guide to South America (Record no. 504488)

MARC details
000 -LEADER
fixed length control field 00788nam a2200265Ia 4500
003 - CONTROL NUMBER IDENTIFIER
control field OSt
005 - DATE AND TIME OF LATEST TRANSACTION
control field 20220925183321.0
008 - FIXED-LENGTH DATA ELEMENTS--GENERAL INFORMATION
fixed length control field 220923b |||||||| |||| 00| 0 eng d
020 ## - INTERNATIONAL STANDARD BOOK NUMBER
International Standard Book Number 8172400535
037 ## - SOURCE OF ACQUISITION
Terms of availability General Book
040 ## - CATALOGING SOURCE
Original cataloging agency RTL
Transcribing agency RTL
Language of cataloging eng
041 ## - LANGUAGE CODE
Source of code eng
Language code of text/sound track or separate title eng
100 ## - MAIN ENTRY--PERSONAL NAME
Personal name Behl Ramesh
9 (RLIN) 258237
245 #0 - TITLE STATEMENT
Title Indian businessman's guide to South America
260 ## - PUBLICATION, DISTRIBUTION, ETC.
Place of publication, distribution, etc. Delhi
Name of publisher, distributor, etc. Global Business Press India
Date of publication, distribution, etc. 1994
300 ## - PHYSICAL DESCRIPTION
Extent xiii, 373p.
Dimensions cm.
490 ## - SERIES STATEMENT
Series statement Themes in the Gateway Handbooks series
650 ## - SUBJECT ADDED ENTRY--TOPICAL TERM
Topical term or geographic name entry element Industrial Economics-India
700 ## - ADDED ENTRY--PERSONAL NAME
Personal name Mago L D
9 (RLIN) 258238
942 ## - ADDED ENTRY ELEMENTS (KOHA)
Classification part X9.20k791.N9, N4
Koha item type General Books
Source of classification or shelving scheme Colon Classification (CC)
Holdings
Withdrawn status Lost status Damaged status Not for loan Home library Current library Date acquired Total Checkouts Full call number Barcode Date last seen Price effective from Koha item type
        Ratan Tata Library Ratan Tata Library 2022-09-25   X9.20k791.N9 N4 RT1143543 2022-09-25 2022-09-25 General Books
Copyright @ Delhi University Library System